000 00550nam a22002057a 4500
003 SGT
020 _a9789388958608
082 _a615.39
_bM24N
100 _aNAYAK, RAMADAS
245 _aMANUAL OF TRANSFUSION MEDICINE
250 _a1ST
260 _aINDIA
_bJAYPEE PUB
_c2024
300 _a613
650 _aBLOOD BANKING
653 _aBASIC IMMUNOLOGY RELATED TO BLOOD GROUP SEROLOGY
653 _aABO BLOOD GROUP SYSTEM
653 _aRH BLOOD GROUP SYSTEM
653 _aBLOOD DONOR SELECTION AND BLOOD COLLECTION
942 _2ddc
_cBK
999 _c28619
_d28619